| 000 | 00505nam a2200181 a 4500 | ||
|---|---|---|---|
| 005 | 20140310183141.0 | ||
| 008 | 021029s19uu xx 00 eng d | ||
| 020 | _a0273653164 | ||
| 050 |
_aHD 5650 _b.T284 2001 |
||
| 100 | _aTemplar, Richard | ||
| 245 |
_aFast thinking : _bappraisal / _cRichard Templar. |
||
| 260 |
_aGreat Britain : _bPrentice Hall, _c2001. |
||
| 300 |
_a93 p. : _bcol. ill. ; _c18 cm. |
||
| 521 | _aBSBA | ||
| 650 |
_aEmployees _xrating of |
||
| 942 |
_cBK _2lcc _kFOR |
||
| 999 |
_c19395 _d19395 |
||